| 000 | 00414nam a2200169Ia 4500 | ||
|---|---|---|---|
| 008 | 170705s9999 xx 000 0 und d | ||
| 020 | _a9780439560672 | ||
| 245 | _aWhales passing / | ||
| 245 | _cEve Bunting ; illustrated by Lambert Davis. | ||
| 260 | _aNew York : | ||
| 260 | _bScholastic, | ||
| 260 | _c2003 | ||
| 300 | _aunpaged : | ||
| 300 | _bcolor illustration ; | ||
| 300 | _c29cm. | ||
| 500 | _a130 | ||
| 999 |
_c335318 _d335318 |
||